Semillas en disputa: historias de vida y memorias del cambio tecnológico en la agricultura de la papa en Costa Rica (1943-2015) /
Gardado en:
| Autor Principal: | |
|---|---|
| Formato: | Libro |
| Idioma: | Spanish |
| Etiquetas: |
Engadir etiqueta
Sen Etiquetas, Sexa o primeiro en etiquetar este rexistro!
|
MARC
| LEADER | 00000nam a22000007a 4500 | ||
|---|---|---|---|
| 003 | cru CIDCACS/IIS | ||
| 005 | 20180518062535.0 | ||
| 007 | ta | ||
| 008 | 180517b2015 cr |||p|r||||||0| 0 spa|d | ||
| 999 | |c 41428 |d 41428 | ||
| 040 | |c cru CIDCACS/IIS | ||
| 100 | 1 | |a Coto Cedeño, Wainer Ignacio |9 4456 | |
| 245 | 1 | |a Semillas en disputa: |b historias de vida y memorias del cambio tecnológico en la agricultura de la papa en Costa Rica (1943-2015) / |c Wainer Ignacio Coto Cedeño | |
| 300 | |a páginas 75-100: |b tabla, fotos | ||
| 773 | 0 | |0 40579 |9 2012 |a Universidad Nacional de Costa Rica |d Heredia, Costa Rica: EUNA |o 18793 |t Revista de Historia / |x 10129790 | |
| 942 | |2 ddc |c PP | ||
